British poetry and drama: (Record no. 11596)

MARC details
000 -LEADER
fixed length control field 00635nam a22002297a 4500
005 - DATE AND TIME OF LATEST TRANSACTION
control field 20230825110801.0
008 - FIXED-LENGTH DATA ELEMENTS--GENERAL INFORMATION
fixed length control field 230825b ||||| |||| 00| 0 eng d
020 ## - INTERNATIONAL STANDARD BOOK NUMBER
International Standard Book Number 9789385439834
040 ## - CATALOGING SOURCE
Original cataloging agency IN-DiNC
Transcribing agency IN-DiNC
041 ## - LANGUAGE CODE
Language code of sung or spoken text English
082 ## - DEWEY DECIMAL CLASSIFICATION NUMBER
Classification number 823
Item number NEO
100 ## - MAIN ENTRY--PERSONAL NAME
Personal name Neog, Biswajit
Relator term Author
245 ## - TITLE STATEMENT
Title British poetry and drama:
Remainder of title 17th and 18th centuries/
Statement of responsibility, etc. by Biswajit Neog
250 ## - EDITION STATEMENT
Edition statement 2nd rev. ed.
260 ## - PUBLICATION, DISTRIBUTION, ETC.
Place of publication, distribution, etc. Jorhat:
Name of publisher, distributor, etc. Bidya bhawan,
Date of publication, distribution, etc. 2021.
300 ## - PHYSICAL DESCRIPTION
Extent 375p.
650 ## - SUBJECT ADDED ENTRY--TOPICAL TERM
Topical term or geographic name entry element Puritan epic
650 ## - SUBJECT ADDED ENTRY--TOPICAL TERM
Topical term or geographic name entry element Jacobean drama
650 ## - SUBJECT ADDED ENTRY--TOPICAL TERM
Topical term or geographic name entry element Restoration comedy
650 ## - SUBJECT ADDED ENTRY--TOPICAL TERM
Topical term or geographic name entry element Neoclassical/ Augustan mock epic
942 ## - ADDED ENTRY ELEMENTS (KOHA)
Source of classification or shelving scheme Dewey Decimal Classification
Koha item type Books
Holdings
Withdrawn status Lost status Source of classification or shelving scheme Damaged status Not for loan Collection code Home library Current library Shelving location Date acquired Cost, normal purchase price Total Checkouts Full call number Barcode Date last seen Date last checked out Copy number Price effective from Koha item type Date due
    Dewey Decimal Classification     English Central Library, Naharkatiya College Central Library, Naharkatiya College General Stacks 25/08/2023 320.00 7 823 NEO 29378 13/02/2026 06/02/2026 1 25/08/2023 Books  
    Dewey Decimal Classification     English Central Library, Naharkatiya College Central Library, Naharkatiya College General Stacks 25/08/2023 320.00 9 823 NEO 29379 04/05/2026 04/05/2026 2 25/08/2023 Books 21/05/2026
    Dewey Decimal Classification     English Central Library, Naharkatiya College Central Library, Naharkatiya College General Stacks 25/08/2023 320.00 7 823 NEO 29380 05/05/2026 05/05/2026 3 25/08/2023 Books 22/05/2026

Naharkatiya College © 2020. All rights reserved.

Powered By